000 01412cam a22003855i 4500
999 _c25605
_d25577
001 ocn878914983
003 BUEsh
005 20201203114434.0
008 130502t20132013ohua f bf 001 0 eng d
020 _a9781591953265
020 _a159195326X
040 _aNLM
_beng
_erda
_cNLM
_dOCLCO
_dLTSCA
_dOCLCF
_dEG-ScBUE
082 0 4 _a617.63
_bORA
_222
245 0 0 _aOral soft tissue diseases :
_ba reference manual for diagnosis & management /
_c[edited by] J. Robert Newland [and three other].
246 3 _aOral soft tissue diseases :
_ba reference manual for diagnosis and management
250 _aSixth edition.
264 1 _aHudson, Ohio :
_bLexicomp,
_c[2013]
264 4 _cc2013
300 _a323 pages :
_billustrations ;
_c28 cm.
336 _atext
_btxt
_2rdacontent
337 _aunmediated
_bn
_2rdamedia
338 _avolume
_bnc
_2rdacarrier
490 0 _aLexicomp dental reference library
504 _aIncludes bibliographical references and index.
650 7 _aMouth
_xDiseases
_xDiagnosis
_vHandbooks, manuals, etc.
_2BUEsh
650 7 _aTooth Diseases
_xDiagnosis
_vHandbooks, manuals, etc.
_2BUEsh
651 _2BUEsh
653 _bDDENT
_cNovember2017
653 _bNNUR
_cDecember2017
700 1 _aNewland, J. Robert,
_eeditor.
700 1 _aMeiller, Timothy F.,
_eeditor.
700 1 _aWynn, Richard L.,
_eeditor.
700 1 _aCrossley, Harlod L.,
_eeditor.
_936002
942 _2ddc
_cBB